Disobedience and democracy : nine fallacies on law and order
Αποθηκεύτηκε σε:
| Κύριος συγγραφέας: | |
|---|---|
| Μορφή: | Βιβλίο |
| Γλώσσα: | English |
| Δημοσίευση: |
Chicago :
Haymarket Books,
2013.
|
| Θέματα: | |
| Ετικέτες: |
Προσθήκη ετικέτας
Δεν υπάρχουν, Καταχωρήστε ετικέτα πρώτοι!
|
MARC
| LEADER | 00000nam a2200000 a 4500 | ||
|---|---|---|---|
| 001 | 1/127705 | ||
| 008 | 231113s2013####us | ||| |||| ||eng|| | ||
| 020 | |a 9781608463046 | ||
| 040 | |a GR-MyUa |b gre |c GR-MyUa |e AACR2 | ||
| 041 | 0 | |a eng | |
| 082 | 7 | |a 303.61 |2 (23) | |
| 100 | 1 | |a Zinn, Howard, |d 1922-2010. | |
| 245 | 1 | 0 | |a Disobedience and democracy : |b nine fallacies on law and order / |c Howard Zinn. |
| 260 | |a Chicago : |b Haymarket Books, |c 2013. | ||
| 300 | |a 124 σ. ; |c 21 εκ. | ||
| 504 | |a Περιλαμβάνει βιβλιογραφικές παραπομπές. | ||
| 650 | 0 | |a Government, Resistance to | |
| 650 | 0 | |a Government, Resistance to |z United States. | |
| 852 | |a INST |b RHODES |e 20231113 |h 303.61 ZIN |p 005400043891 |q 005400043891 |t BK |y 0 | ||
| 970 | |z 13-11-2023 | ||